Constitution and the civil services - Reflection of safeguards and obligations (Record no. 57548)

000 -LEADER
fixed length control field 00918pab a2200181 454500
008 - FIXED-LENGTH DATA ELEMENTS--GENERAL INFORMATION
fixed length control field 180718b2002 xxu||||| |||| 00| 0 eng d
100 ## - MAIN ENTRY--PERSONAL NAME
Personal name Singh, S.S.
245 ## - TITLE STATEMENT
Title Constitution and the civil services - Reflection of safeguards and obligations
260 ## - PUBLICATION, DISTRIBUTION, ETC.
Date of publication, distribution, etc. 2002
300 ## - PHYSICAL DESCRIPTION
Extent p.694-708.
362 ## - DATES OF PUBLICATION AND/OR SEQUENTIAL DESIGNATION
Dates of publication and/or sequential designation Oct-Dec
520 ## - SUMMARY, ETC.
Summary, etc. The object of this article is to discuss constitutional and legal safeguards available, in the form of procedural fairness, to the civil servants. It examines the relevance of constitutional provisions providing safeguards to the civil service in view of present thrust on good governance which in turn emphasise, inter alia on openness, fairness, rationality, impartiality, accountability and participation in governing process. - Reproduced.
650 ## - SUBJECT ADDED ENTRY--TOPICAL TERM
Topical term or geographic name entry element Constitutions
650 ## - SUBJECT ADDED ENTRY--TOPICAL TERM
Topical term or geographic name entry element Civil service
773 ## - HOST ITEM ENTRY
Main entry heading Indian Journal of Public Administration
908 ## - PUT COMMAND PARAMETER (RLIN)
Put command parameter N
909 ## -
-- 57548
Holdings
Withdrawn status Lost status Damaged status Not for loan Permanent Location Current Location Date acquired Serial Enumeration / chronology Barcode Date last seen Price effective from Koha item type
        Indian Institute of Public Administration Indian Institute of Public Administration 2018-07-19 Volume no: 48, Issue no: 4 AR57993 2018-07-19 2018-07-19 Articles

Powered by Koha